MARC details
| 000 -LEADER |
| campo de control de longitud fija |
01491nam a2200301 i 4500 |
| 001 - NÚMERO DE CONTROL |
| campo de control |
153400 |
| 003 - IDENTIFICADOR DE NÚMERO DE CONTROL |
| campo de control |
ES-MaACL |
| 005 - FECHA Y HORA DE LA ÚLTIMA TRANSACCIÓN |
| campo de control |
20250816085017.0 |
| 008 - DATOS DE LONGITUD FIJA--INFORMACIÓN GENERAL |
| campo de control de longitud fija |
931025s1767 it acf |||| | ita d |
| 110 2# - ENTRADA PRINCIPAL--NOMBRE DE ENTIDAD CORPORATIVA |
| Nombre de entidad corporativa o nombre de jurisdicción como elemento de entrada |
Accademia Ercolanese di Archeologia. |
| 9 (RLIN) |
1240 |
| 245 10 - MENCIÓN DEL TÍTULO |
| Título |
De' bronzi di Ercolano e contorni incisi con qualche spiegazione. |
| Número de parte o sección de la obra |
Tomo primo, |
| Nombre de parte o sección de la obra |
Busti. |
| 246 3# - FORMA VARIANTE DEL TITULO |
| Título propio/Titulo breve |
Delle antichità di Ercolano |
| 260 ## - PUBLICACIÓN, DISTRIBUCIÓN, ETC. |
| Lugar de publicación, distribución, etc. |
Napoli : |
| Nombre del editor, distribuidor, etc. |
nella Regia Stamperia, |
| Fecha de publicación, distribución, etc. |
1767. |
| 300 ## - DESCRIPCIÓN FÍSICA |
| Extensión |
[4], XLV, 280, [10], 35, [2] p., [1] h. de lám. : |
| Otras características físicas |
il. ; |
| Dimensiones |
Fol. (47 x 35 cm) |
| 505 8# - NOTA DE CONTENIDO CON FORMATO |
| Nota de contenido con formato |
Contiene con port., pag. y sign. propias: Modello di una nave a tre ordini di remi |
| 530 ## - NOTA DISPONIBLE DE FORMULARIO FÍSICO ADICIONAL |
| Nota de formato físico adicional disponible |
Disponible en formato digital. |
| 597 ## - NOTA DE DESCRIPCIÓN FÍSICA |
| NOTA DE DESCRIPCIÓN FÍSICA |
Sign.: a]-k2, A-Z2, 2A-2K2, ]\p2, a-h2. |
| 597 ## - NOTA DE DESCRIPCIÓN FÍSICA |
| NOTA DE DESCRIPCIÓN FÍSICA |
Parte de las il. son grab. que van incluidas en la pag, pero no en las sign. |
| 597 ## - NOTA DE DESCRIPCIÓN FÍSICA |
| NOTA DE DESCRIPCIÓN FÍSICA |
Port. a dos tintas con grab. calc. "G. Morg. d., F. Morg. s.", anverso y reverso medalla de Carlos III. |
| 599 ## - NOTA A LAS ILUSTRACIONES |
| NOTA A LAS ILUSTRACIONES |
Lám.: grab. calc. "Camillus Paderni... delineanit, Philippus Morghen... sculp.", retrato de Carlos III. |
| 599 ## - NOTA A LAS ILUSTRACIONES |
| NOTA A LAS ILUSTRACIONES |
Las il. h. de grab., 2 de ellas pleg., calc. |
| 650 #7 - PUNTO DE ACCESO ADICIONAL DE MATERIA--TÉRMINO DE MATERIA |
| Término de materia o nombre geográfico como elemento de entrada |
Escultura romana |
| Fuente del encabezamiento o término |
embne |
| 9 (RLIN) |
136052 |
| 651 ## - PUNTO DE ACCESO ADICIONAL DE MATERIA--NOMBRE GEOGRÁFICO |
| Nombre geográfico |
Herculano (Ciudad desaparecida) |
| 9 (RLIN) |
163498 |
| 710 2# - ENTRADA AGREGADA--NOMBRE DE ENTIDAD CORPORATIVA |
| Nombre de entidad corporativa o nombre de jurisdicción como elemento de entrada |
Stamperia Reale (Nápoles) |
| 9 (RLIN) |
163497 |
| 852 4# - LOCALIZACIÓN |
| Ubicación |
ES-MaACL |
| Número de control de estantería |
R-7 |
| Nota libre |
- Enc. pasta |
| 856 4# - LOCALIZACIÓN Y ACCESO ELECTRÓNICOS |
| Identificador Uniforme de Recursos |
<a href="https://hdl.handle.net/11441/112759 ">https://hdl.handle.net/11441/112759 </a> |
| Nota pública |
Depósito de Investigación Universidad de Sevilla |